Statistics for Random territory flags #2

Click here to take the quiz!

General Stats

  • This quiz has been taken 287 times
  • The average score is 8 of 12

Answer Stats

Answer% Correct
Greenland
100%
Puerto Rico
95%
Macau
91%
Isle of Man
90%
Bermuda
73%
Curaçao
68%
Tokelau
64%
Åland Islands
60%
Mayotte
58%
Azores
53%
Canary Islands
49%
Jan Mayen
24%

Score Distribution

Percentile by Number Answered

Percent of People with Each Score

Your Score History

You have not taken this quiz